00419nam a2200181Ia 4500003000400000005001700004006001900021007000300040008004100043024000900084037001200093040002000105041001300125082002500138100001800163245004700181260000900228OSt20220928135450.0a|||||r|||| 00| 0 ta220927b |||||||| |||| 00| 0 eng d a2365 cTextual aSDCLcSDCLbeng 2engaeng aO-,1J52,1:g, K9.1-.2 aWarton Thomas 0aObservations on the fairy queen of spenser c1969